| 000 | 01017nam a22002777a 4500 | ||
|---|---|---|---|
| 003 | OSt | ||
| 005 | 20210629142925.0 | ||
| 008 | 201014b 2008 pr a c 00| 0 eng d | ||
| 020 | _a0965015459 | ||
| 040 |
_aDO-SdBNP _bspa _cBNPHU |
||
| 082 | 4 |
_bP397e _222 _a781.63 |
|
| 100 | 1 |
_aPeñalver Hernández, Ivón _976881 |
|
| 245 | 1 | 0 |
_aEduardo Rosillo : _balma de la música popular cubana / _cIvón Peñalver Hernández ; prólogo Jorge Petinaud Martínez. |
| 260 |
_aSan Juan, Puerto Rico : _bMakarios, _c2008. |
||
| 300 |
_a200 p. : _bil., retrs. ; _c 22 cm |
||
| 590 | _aInventariado, 2021/MFF | ||
| 600 | 1 | 4 |
_a Rosillo, Eduardo, _d1929- _978954 |
| 650 | 4 |
_aProgramas de radio _zCuba _978955 |
|
| 650 | 4 |
_aRadio y música _xAspectos sociales _zCuba _978956 |
|
| 650 | 4 |
_aMúsica popular cubana _xHistoria _ySiglo XX _978957 |
|
| 650 | 4 |
_a Radio broadcasters _zCuba _979036 |
|
| 700 | 1 |
_aPetinaud Martínez, Jorge, _epról. _976882 |
|
| 910 | _aValidado. Control de calidad MFF | ||
| 942 |
_2ddc _cLBS1 |
||
| 956 | _aLOPEREZ | ||
| 999 |
_c48878 _d48878 |
||